Catalog

Record Details

Catalog Search



Der Sklavenstaat : meine Auseinandersetzungen mit der SS  Cover Image Book Book

Der Sklavenstaat : meine Auseinandersetzungen mit der SS / Albert Speer

Speer, Albert (Author).

Record details

  • ISBN: 3-548-33041-X
  • Physical Description: 510 S. : Ill.
  • Edition: Ungekürzte Ausg.
  • Publisher: Frankfurt/M [u.a.] : Ullstein, 1984

Available copies

  • 1 of 1 copy available at Common Catalog SPOK.

Holds

  • 0 current holds with 1 total copy.
Show Only Available Copies
Location Call Number / Copy Notes Barcode Shelving Location Status Due Date
Terezin Initiative Institute 5846 4594305846 Knihovna ITI Available -

LDR 02319nam a2200589 i 4500
00148411
003CZ-PrJAB
00520221109101705.0
008950805s1984 gw 000 0 ger d
020 . ‡a3-548-33041-X
035 . ‡a(DE-601)043457371
035 . ‡a(OCoLC)74648583
035 . ‡a(DE-599)GBV043457371
040 . ‡bger ‡cGBVCP
0410 . ‡ager
1001 . ‡aSpeer, Albert ‡4aut
24514. ‡aDer Sklavenstaat : ‡bmeine Auseinandersetzungen mit der SS / ‡cAlbert Speer
250 . ‡aUngekürzte Ausg.
260 . ‡aFrankfurt/M [u.a.] : ‡bUllstein, ‡c1984
300 . ‡a510 S. : ‡bIll.
4900 . ‡aUllstein-Bücher ; ‡v33041
910 . ‡aABE340 ‡b5846
995 . ‡aska
901 . ‡a48411 ‡bCZ-PrJAB ‡c48411 ‡tbiblio

Additional Resources